Normal view
MARC view
- Clayton, G. E Brown, J. E
Entry Personal Name
001 - CONTROL NUMBER
- control field: 74025
003 - CONTROL NUMBER IDENTIFIER
- control field: NUST
005 - DATE AND TIME OF LATEST TRANSACTION
- control field: 20210628205122.0
008 - FIXED-LENGTH DATA ELEMENTS
- fixed length control field: 210628|| aca||aabn | a|a d
040 ## - CATALOGING SOURCE
- Original cataloging agency: NUST
- Transcribing agency: NUST
100 ## - HEADING--PERSONAL NAME
- Personal name: Clayton, G. E Brown, J. E
670 ## - SOURCE DATA FOUND
- Source citation: Work cat.: (NUST): Clayton, G. E Brown, J. E, Economic principles and practices, 1983
